The new smart approach to home decorating

Bibliographic Details
Format: Book
Published: New Jersey : Creative Homeowner , 2003
Subjects:

MARC

LEADER 00000cam a2200000 7i4500
001 0000016603
005 20080428.0
008 080428
020 |a 1580111432 
090 0 0 |a 747   |b NEW 
245 1 4 |a The new smart approach to home decorating 
260 |a New Jersey :   |b Creative Homeowner ,   |c 2003 
650 0 |a Home   |x Architecture 
650 0 |a Home   |x Interior design 
999 |a 0001014026   |b Book   |c Adult Collection   |e Perbadanan Perpustakaan Awam Johor